Kulturális életünk szerkezete és a közmüvelődés [!közművelődés]
Elmentve itt :
| Szerző: | |
|---|---|
| Testületi szerző: | |
| Dokumentumtípus: | Könyv része |
| Megjelent: |
1972
|
| Sorozat: | Szegedi Nyári Egyetem : művelődéselmélet
1 Művelődés és szocializmus : összeállítás a TIT Szegedi Művelődéselméleti Nyári Egyetemén elhangzott előadásokból 1 |
| Kulcsszavak: | Művelődéselmélet - marxista, Közművelődés - szocialista, Népművelés - Magyarország - 1970-es évek |
| Tárgyszavak: | |
| Online Access: | http://acta.bibl.u-szeged.hu/44792 |
| LEADER | 01077naa a2200229 i 4500 | ||
|---|---|---|---|
| 001 | acta44792 | ||
| 005 | 20220131122520.0 | ||
| 008 | 170607s1972 hu o 0|| hun d | ||
| 022 | |a 0139-4118 | ||
| 040 | |a SZTE Egyetemi Kiadványok Repozitórium |b hun | ||
| 041 | |a hun | ||
| 100 | 1 | |a Maróti Andor | |
| 245 | 1 | 0 | |a Kulturális életünk szerkezete és a közmüvelődés [!közművelődés] |h [elektronikus dokumentum] / |c Maróti Andor |
| 260 | |c 1972 | ||
| 300 | |a 238-267 | ||
| 490 | 0 | |a Szegedi Nyári Egyetem : művelődéselmélet |v 1 | |
| 490 | 0 | |a Művelődés és szocializmus : összeállítás a TIT Szegedi Művelődéselméleti Nyári Egyetemén elhangzott előadásokból |v 1 | |
| 650 | 4 | |a Bölcsészettudományok | |
| 650 | 4 | |a Egyéb bölcsészettudományok | |
| 695 | |a Művelődéselmélet - marxista, Közművelődés - szocialista, Népművelés - Magyarország - 1970-es évek | ||
| 710 | |a TIT Szegedi Művelődéselméleti Nyári Egyetem (1.) (1972) (Szeged) | ||
| 856 | 4 | 0 | |u http://acta.bibl.u-szeged.hu/44792/1/sznye_muveledoselmelet_001_238-267.pdf |z Dokumentum-elérés |